000 00949nam a2200289 a 4500
001 58239
003 BD-RjUL
005 20211209080611.0
008 161217s1985 u b b 001 0 eng
020 _a0822305569 (alk. paper)
020 _a0822306905 (pbk. : alk. paper)
035 _a(BD-RjUL)58363
040 _aDLC
_cDLC
_dBD-RjUL
_beng
041 _aeng
082 0 0 _a327.581047
_223
_bBRA 1985
100 1 _aBradsher, Henry S.
_q(Henry St. Amant),
_d1931-
_9172997
245 1 0 _aAfghanistan and the Soviet Union /
_cHenry S. Bradsher.
250 _aNew and expanded ed.
260 _aDurham N.C. :
_bDuke University Press,
_c1985.
300 _aviii, 384 p. :
_bill. ;
_c25 cm.
500 _aIncludes index.
504 _aBibliography: p. [352]-369.
651 0 _aAfghanistan
_xForeign relations
_zSoviet Union.
_9172999
830 _aDuke Press policy studies
_9172998
942 _2ddc
_cBK
999 _c58239
_d58239